000
00313nam a2200145Ia 4500
999
_c
14034
_d
14034
003
OSt
005
20260401123837.0
008
260210s9999 xx 000 0 und d
020
_a
9780785822714
082
_a
722
100
_a
Anderson
245
0
_a
World Architecture
260
_b
Chartwell
942
_c
PG
_2
ddc